000 00319nam a2200109Ia 4500
008 200302s9999 xx 000 0 und d
100 _aAudrey A. Ogilvy & Other
245 _aBrackhell and its Migrants Twenty-one Years of new Town Growth
260 _bHer Majesty's Stationery Office
260 _c1975
300 _a119 P.,
999 _c5287
_d5287